[Event "GRE-ch Online Rapid op 1st"]
[Site "Tornelo INT"]
[Date "2021.02.06"]
[Round "4"]
[White "Soukarie, Zorz"]
[Black "Lamprou, Dimitrios"]
[Result "1-0"]
[WhiteElo "1436"]
[BlackElo "1129"]
[PlyCount "95"]
[EventDate "2021.02.06"]
[EventType "swiss (rapid)"]
[EventRounds "8"]
[EventCountry "GRE"]
[SourceTitle "EXT 2023"]
[Source "ChessBase"]
[SourceDate "2022.10.05"]
[SourceVersion "1"]
[SourceVersionDate "2022.10.05"]
[SourceQuality "1"]

1. e4 c5 2. Nf3 d6 3. d4 cxd4 4. Nxd4 Nf6 5. Nc3 e5 6. Nb3 a6 7. Be3 Be7 8. f3 0-0 9. Qd2 Nc6 10. 0-0-0 b5 11. g4 Be6 12. h4 Rb8 13. h5 Re8 14. g5 Nd7 15. g6 h6 16. gxf7+ Bxf7 17. Nd5 Bg5 18. Bh3 Bxe3 19. Nxe3 Bxb3 20. axb3 Nd4 21. Nf5 Nc5 22. Nxd4 exd4 23. Qxd4 Qc7 24. Qd5+ Kh8 25. b4 Re5 26. Qxd6 Qxd6 27. Rxd6 Na4 28. Bf5 Re7 29. Rhd1 Nb6 30. Rxb6 Ree8 31. Rxb8 Rxb8 32. Rd6 Ra8 33. Rc6 Kg8 34. Rc8+ Rxc8 35. Bxc8 Kf7 36. Bxa6 Ke6 37. Bxb5 Ke5 38. Be2 Kd4 39. b5 Kc5 40. b4+ Kb6 41. c4 Kb7 42. c5 Kb8 43. e5 Kc8 44. e6 Kd8 45. b6 g5 46. hxg6 Kc8 47. g7 Kb7 48. Bb5 1-0

[Event "GRE-ch South U12"]
[Site "Athens"]
[Date "2020.09.03"]
[Round "9"]
[White "Soukarie, Zorz"]
[Black "Antonioudakis, Georgios"]
[Result "1/2-1/2"]
[WhiteElo "1551"]
[BlackElo "1695"]
[PlyCount "64"]
[EventDate "2020.08.28"]
[EventType "swiss"]
[EventRounds "9"]
[EventCountry "GRE"]
[SourceTitle "EXT 2023"]
[Source "ChessBase"]
[SourceDate "2022.10.05"]
[SourceVersion "1"]
[SourceVersionDate "2022.10.05"]
[SourceQuality "1"]

1. e4 c5 2. Nf3 d6 3. d4 cxd4 4. Nxd4 Nf6 5. Nc3 a6 6. Be3 e5 7. Nb3 Be6 8. f3 Be7 9. g4 0-0 10. Qd2 Nbd7 11. 0-0-0 b5 12. a3 Nb6 13. Na5 Qc7 14. h4 Na4 15. Nb3 d5 16. Nxd5 Nxd5 17. exd5 Rfd8 18. Qa5 Qb7 19. Be2 Bxd5 20. Rdf1 Rac8 21. Nd2 Qc6 22. Bd1 Bc4 23. Rf2 Bd3 24. Nf1 b4 25. b3 Qc3 26. Rfh2 Qb2+ 27. Kd2 Qc3+ 28. Kc1 Qa1+ 29. Kd2 Bxf1+ 30. Ke1 Rxd1+ 31. Kf2 Nc3 32. Qxe5 Rd2+ 1/2-1/2

[Event "GRE-ch South U12"]
[Site "Athens"]
[Date "2020.09.02"]
[Round "8"]
[White "Soukarie, Zorz"]
[Black "Giannoulis, Grigorios"]
[Result "1/2-1/2"]
[WhiteElo "1551"]
[BlackElo "1538"]
[PlyCount "69"]
[EventDate "2020.08.28"]
[EventType "swiss"]
[EventRounds "9"]
[EventCountry "GRE"]
[SourceTitle "EXT 2023"]
[Source "ChessBase"]
[SourceDate "2022.10.05"]
[SourceVersion "1"]
[SourceVersionDate "2022.10.05"]
[SourceQuality "1"]

1. e4 e6 2. d4 d5 3. Nd2 Nf6 4. e5 Nfd7 5. Bd3 c5 6. c3 Nc6 7. Ne2 Be7 8. Nf3 Rb8 9. a4 0-0 10. 0-0 cxd4 11. cxd4 Nb4 12. Bb1 b6 13. Nf4 Ba6 14. Re1 Rc8 15. Nd3 Nxd3 16. Bxd3 Bxd3 17. Qxd3 Qc7 18. Bd2 Qc4 19. Qxc4 Rxc4 20. Rec1 Rfc8 21. b3 Rc2 22. Kf1 f6 23. exf6 gxf6 24. Rxc2 Rxc2 25. Rc1 Rxc1+ 26. Bxc1 Nb8 27. Bd2 Nc6 28. Bc3 Kf7 29. Ke2 Bd6 30. h3 e5 31. Ke3 Ke6 32. g4 exd4+ 33. Nxd4+ Nxd4 34. Bxd4 Bc5 35. f4 1/2-1/2

[Event "GRE-ch South U12"]
[Site "Athens"]
[Date "2020.09.01"]
[Round "7"]
[White "Kassios, Dimitrios"]
[Black "Soukarie, Zorz"]
[Result "0-1"]
[WhiteElo "1474"]
[BlackElo "1551"]
[PlyCount "83"]
[EventDate "2020.08.28"]
[EventType "swiss"]
[EventRounds "9"]
[EventCountry "GRE"]
[SourceTitle "EXT 2023"]
[Source "ChessBase"]
[SourceDate "2022.10.05"]
[SourceVersion "1"]
[SourceVersionDate "2022.10.05"]
[SourceQuality "1"]

1. e4 e5 2. Nf3 Nc6 3. Bc4 Bc5 4. c3 Nf6 5. d3 d6 6. 0-0 a6 7. a4 Ba7 8. h3 0-0 9. Bg5 Be6 10. Nbd2 h6 11. Bh4 Qe7 12. b4 Bxc4 13. Nxc4 Qe6 14. b5 Ne7 15. Bxf6 Qxf6 16. Ne3 Qe6 17. Nh4 g6 18. Qf3 f5 19. exf5 gxf5 20. Qxb7 c6 21. bxc6 f4 22. Ng4 h5 23. Nh6+ Qxh6 24. Qxe7 Rf7 25. Nf5 Rxf5 26. Qb7 Rff8 27. c7 Qe6 28. Kh2 Qf7 29. Qf3 Rac8 30. Qb7 Qxc7 31. Qxa6 Qb6 32. Qb5 Rc5 33. Qd7 Qc7 34. Qe6+ Kg7 35. d4 Rxc3 36. dxe5 dxe5 37. Rad1 Bd4 38. Rfe1 Rf7 39. Rxd4 exd4 40. Re5 Rc6 41. Qe8 Rc5 42. Rg5+ 0-1

[Event "GRE-ch South U12"]
[Site "Athens"]
[Date "2020.08.31"]
[Round "5"]
[White "Kazantzoglou, Stefanos"]
[Black "Soukarie, Zorz"]
[Result "1-0"]
[WhiteElo "1447"]
[BlackElo "1551"]
[PlyCount "141"]
[EventDate "2020.08.28"]
[EventType "swiss"]
[EventRounds "9"]
[EventCountry "GRE"]
[SourceTitle "EXT 2023"]
[Source "ChessBase"]
[SourceDate "2022.10.05"]
[SourceVersion "1"]
[SourceVersionDate "2022.10.05"]
[SourceQuality "1"]

1. c4 g6 2. d4 Bg7 3. Nc3 Nf6 4. g3 d6 5. Bg2 0-0 6. e3 c6 7. Nge2 Nbd7 8. 0-0 Qc7 9. b3 Rb8 10. Bb2 b6 11. Rc1 a6 12. Qd2 Bb7 13. Rfd1 Rbd8 14. d5 c5 15. Nf4 Rfe8 16. Re1 Nf8 17. Rcd1 e6 18. e4 e5 19. Nfe2 N6d7 20. Bh3 Bc8 21. Rf1 Nb8 22. Bxc8 Qxc8 23. f4 Nfd7 24. f5 f6 25. Kg2 g5 26. Rh1 h5 27. Ng1 Kf7 28. Qe2 Rh8 29. Nf3 Rdg8 30. Bc1 Bf8 31. h3 Be7 32. g4 h4 33. Be3 a5 34. Nb5 Na6 35. Bd2 Qb7 36. a3 Nc7 37. Nxc7 Qxc7 38. Ra1 Ra8 39. Ne1 Rhb8 40. a4 Bd8 41. Nc2 Be7 42. Na3 Rd8 43. Nb5 Qb7 44. Rhf1 Nb8 45. Qf3 Na6 46. Bxg5 Rh8 47. Bd2 Rag8 48. g5 Qd7 49. g6+ Ke8 50. Qg4 Bf8 51. Be1 Qg7 52. Bxh4 Rh6 53. Be1 Rgh8 54. Rh1 Rh5 55. h4 Qh6 56. Rh3 Kd7 57. Rd1 Nb4 58. Bd2 Qg7 59. Nc3 Nc2 60. Ne2 R5h6 61. Rc1 Nb4 62. h5 Nd3 63. Bxh6 Qxh6 64. Rxd3 Qg7 65. Rh1 Rh6 66. Qh4 Be7 67. Nc3 Bf8 68. Nd1 Rh8 69. h6 Qe7 70. Rdh3 Rg8 71. Rg3 1-0

[Event "GRE-ch South U12"]
[Site "Athens"]
[Date "2020.08.31"]
[Round "6"]
[White "Soukarie, Zorz"]
[Black "Amiris, Emmanouil"]
[Result "1-0"]
[WhiteElo "1551"]
[BlackElo "1601"]
[PlyCount "68"]
[EventDate "2020.08.28"]
[EventType "swiss"]
[EventRounds "9"]
[EventCountry "GRE"]
[SourceTitle "EXT 2023"]
[Source "ChessBase"]
[SourceDate "2022.10.05"]
[SourceVersion "1"]
[SourceVersionDate "2022.10.05"]
[SourceQuality "1"]

1. e4 c5 2. Nf3 d6 3. d4 cxd4 4. Nxd4 Nf6 5. Nc3 a6 6. Be3 e5 7. Nb3 Be6 8. f3 h5 9. h4 Nbd7 10. Qd2 Be7 11. 0-0-0 b5 12. a3 Rc8 13. Kb1 Qc7 14. Qf2 Qb7 15. Na5 Qa8 16. Qd2 Bd8 17. Nb3 Rc6 18. Be2 Nb6 19. Na5 Nc4 20. Bxc4 Bxa5 21. Bd5 Bxd5 22. exd5 Bxc3 23. bxc3 Rc4 24. Qd3 Qc8 25. Kb2 0-0 26. Rhe1 Qc7 27. g3 Rc8 28. Bd2 Rc5 29. Qf5 Nxd5 30. Re2 Nxc3 31. Bxc3 Rxc3 32. Red2 Qc5 33. Ra1 Rb3+ 34. Kxb3 Qd5+ 1-0

[Event "Agios Nikolaos op 3rd"]
[Site "Agios Ioannis"]
[Date "2019.08.31"]
[Round "7"]
[White "Soukarie, Zorz"]
[Black "Kotsinis, Vasileios"]
[Result "1/2-1/2"]
[WhiteElo "1270"]
[BlackElo "1082"]
[PlyCount "115"]
[EventDate "2019.08.26"]
[EventType "swiss"]
[EventRounds "9"]
[EventCountry "GRE"]
[SourceTitle "EXT 2020"]
[Source "ChessBase"]
[SourceDate "2019.10.17"]
[SourceVersion "1"]
[SourceVersionDate "2019.10.17"]
[SourceQuality "1"]

1. e4 e5 2. Nf3 Nc6 3. d4 exd4 4. Nxd4 Bc5 5. Nb3 Bb6 6. Nc3 Qf6 7. Qe2 Nge7 8. Be3 d6 9. 0-0-0 Be6 10. f3 Bxe3+ 11. Qxe3 a6 12. Be2 0-0 13. f4 Qh6 14. g4 f6 15. h4 g6 16. g5 Qg7 17. gxf6 Qxf6 18. Rdf1 Bxb3 19. axb3 Qd4 20. Qg3 Rf6 21. h5 Raf8 22. hxg6 Nxg6 23. f5 Nce5 24. fxg6 Rxf1+ 25. Rxf1 Rxf1+ 26. Bxf1 Nxg6 27. Bc4+ Kg7 28. Bd3 h5 29. Ne2 Qe5 30. Qg2 h4 31. Qh3 Qg5+ 32. Kd1 Ne5 33. Qh1 Qg4 34. Qg1 h3 35. Qxg4+ Nxg4 36. Ng3 Kf6 37. Ke2 Kg5 38. Kf3 Ne5+ 39. Kf2 Kf4 40. Nh1 Ng4+ 41. Ke2 c6 42. Nf2 Kg3 43. Nxg4 Kxg4 44. Kf2 a5 45. Be2+ Kf4 46. Bf3 b6 47. c4 c5 48. Bh1 Ke5 49. Ke3 Ke6 50. Kf4 Kf6 51. Bf3 h2 52. Bh1 Ke6 53. Bg2 Kf6 54. Bf3 Ke6 55. Bg2 Kf6 56. Bh1 Ke6 57. Bf3 Kf6 58. Bg2 1/2-1/2

[Event "Agios Nikolaos op 3rd"]
[Site "Agios Ioannis"]
[Date "2019.08.28"]
[Round "4"]
[White "Soukarie, Zorz"]
[Black "Magoulianos, Nikolaos"]
[Result "1-0"]
[WhiteElo "1270"]
[BlackElo "1545"]
[PlyCount "115"]
[EventDate "2019.08.26"]
[EventType "swiss"]
[EventRounds "9"]
[EventCountry "GRE"]
[SourceTitle "EXT 2020"]
[Source "ChessBase"]
[SourceDate "2019.10.17"]
[SourceVersion "1"]
[SourceVersionDate "2019.10.17"]
[SourceQuality "1"]

1. e4 c5 2. Nf3 d6 3. d4 cxd4 4. Nxd4 Nf6 5. Nc3 a6 6. Be3 e6 7. f3 Be7 8. g4 h6 9. Qd2 Nbd7 10. 0-0-0 Qc7 11. h4 b5 12. a3 Ne5 13. Qe2 Bd7 14. Qg2 Bc6 15. Nxc6 Qxc6 16. Bd4 Nc4 17. Bxc4 Qxc4 18. f4 Rg8 19. e5 Nd5 20. Nxd5 exd5 21. b3 Qc6 22. Kb2 dxe5 23. Bxe5 f6 24. Bd4 Rd8 25. Rhe1 Kf7 26. f5 Qd6 27. b4 Qc7 28. Re6 Qb7 29. h5 Rge8 30. Rde1 a5 31. c3 a4 32. Qe2 Rd7 33. Rb6 Qc8 34. Qxb5 Rc7 35. Qxd5+ Kf8 36. Rbe6 Rd8 37. Qe4 Rdd7 38. Qf4 Rb7 39. Qe3 Qc4 40. Qc1 Rxd4 41. cxd4 Qxd4+ 42. Qc3 Qd8 43. Rc6 Rb8 44. Rc1 Ke8 45. Rc8 Rxc8 46. Qxc8 Qxc8 47. Rxc8+ Kd7 48. Rg8 Kc6 49. Rxg7 Bd6 50. Ra7 Kb5 51. Ra5+ Kc4 52. Kc2 Kd4 53. Rxa4 Ke4 54. b5+ Kd5 55. Kd3 Kc5 56. Rb4 Kb6 57. Rb3 Bc5 58. Kc4 1-0

[Event "GRE-chT 47th"]
[Site "Patras"]
[Date "2019.07.02"]
[Round "1.6"]
[White "Papaoulakis, Isidoros"]
[Black "Soukarie, Zorz"]
[Result "1/2-1/2"]
[WhiteElo "1393"]
[BlackElo "1324"]
[PlyCount "96"]
[EventDate "2019.07.02"]
[EventType "team-swiss"]
[EventRounds "7"]
[EventCountry "GRE"]
[SourceTitle "CBM 191 Extra"]
[Source "ChessBase"]
[SourceDate "2019.09.30"]
[SourceVersion "1"]
[SourceVersionDate "2019.09.30"]
[SourceQuality "1"]
[WhiteTeam "The Zenon of Glyfada"]
[BlackTeam "Panellinios GA"]
[WhiteTeamCountry "GRE"]
[BlackTeamCountry "GRE"]

1. d4 Nf6 2. g3 e6 3. Bg2 d5 4. Nf3 Bd6 5. 0-0 0-0 6. b3 Nbd7 7. Bb2 c6 8. c4 b6 9. Nbd2 Qc7 10. Rc1 Qb8 11. Re1 Bb7 12. cxd5 cxd5 13. Qc2 a5 14. a3 Ra7 15. e3 Rc8 16. Qd3 Ba6 17. Rxc8+ Qxc8 18. Qb1 Qb8 19. Qa1 h6 20. Ne5 Bb7 21. Rc1 Bxe5 22. dxe5 Ne4 23. Nxe4 dxe4 24. Bd4 Bd5 25. Qb1 Nxe5 26. Bxe4 Nd7 27. Bxd5 exd5 28. Rc6 Rc7 29. Qc2 Rxc6 30. Qxc6 Qa7 31. Qxd5 Qc7 32. Qc4 Qd6 33. a4 Nf6 34. Qc8+ Kh7 35. Qf5+ Kg8 36. Bxf6 gxf6 37. Qc8+ Kg7 38. Qc4 Qd1+ 39. Kg2 Qd6 40. h3 Kg8 41. e4 Kg7 42. Qd5 Qc7 43. h4 Kg8 44. Qd3 Qc6 45. g4 Qe6 46. Kg3 Qe5+ 47. f4 Qc5 48. Qf3 Kg7 1/2-1/2

[Event "GRE-chT 46th"]
[Site "Rio Achaia"]
[Date "2018.07.15"]
[Round "7.15"]
[White "Violakis, Anastasios"]
[Black "Soukarie, Zorz"]
[Result "1/2-1/2"]
[WhiteElo "1255"]
[BlackElo "1295"]
[PlyCount "109"]
[EventDate "2018.07.10"]
[EventType "team"]
[EventRounds "7"]
[EventCountry "GRE"]
[SourceTitle "CBM 185 Extra"]
[Source "ChessBase"]
[SourceDate "2018.07.29"]
[SourceVersion "1"]
[SourceVersionDate "2018.07.29"]
[SourceQuality "1"]
[WhiteTeam "Chania Kaissa"]
[BlackTeam "Panellinios GA"]
[WhiteTeamCountry "GRE"]
[BlackTeamCountry "GRE"]

1. d4 Nf6 2. c4 e6 3. Nc3 Bb4 4. Bg5 Bxc3+ 5. bxc3 d5 6. cxd5 exd5 7. Nf3 h6 8. Bh4 g5 9. Bg3 Ne4 10. Qb3 Nxg3 11. hxg3 f6 12. e3 Nc6 13. Bd3 Ne7 14. Qc2 Kf7 15. c4 c6 16. Rb1 b6 17. Nd2 Bd7 18. a4 a5 19. c5 Rb8 20. cxb6 Rxb6 21. Ke2 Rxb1 22. Rxb1 Qc7 23. Nb3 Ra8 24. Nc5 Bc8 25. Qb3 Ra7 26. Qb6 Qxb6 27. Rxb6 h5 28. Ba6 Bxa6+ 29. Rxa6 Rxa6 30. Nxa6 Nf5 31. Nc5 Nd6 32. Kd3 Ke7 33. Ke2 Kf7 34. Kf1 Ke7 35. f3 f5 36. Kf2 Kf6 37. Nd7+ Ke6 38. Nc5+ Kf6 39. Nd7+ Ke6 40. Ne5 c5 41. Nc6 cxd4 42. Nxd4+ Kf6 43. Ke2 Nc4 44. Nb3 Ke6 45. Kd3 Nb2+ 46. Kd4 Nxa4 47. Nxa5 Nb6 48. Nc6 Kd6 49. Ne5 Ke6 50. Nc6 Kd6 51. Nb4 Ke6 52. Nd3 Kd6 53. Nf2 g4 54. Nd3 Nd7 55. Nf4 1/2-1/2